| 000 | 01165nam a22002657a 4500 | ||
|---|---|---|---|
| 005 | 20170123164146.0 | ||
| 010 | _aB-201113 | ||
| 020 |
_c250.00 _a8126021322 |
||
| 035 | _aB-201113 | ||
| 037 | _bCen Lib/Ret | ||
| 040 |
_aDPL _bPN |
||
| 082 |
_aਕ _bਗੋਇਨ |
||
| 245 |
_aਮੌਰਿਸ਼ਸ ਦੀਆਂ ਹਿੰਦੀ ਕਹਾਣੀਆਂ / _cਸੰਪਾਦਕ ਕ਼ਮਲ ਕਿਸ਼ੋਰ ਗੋਇਨਕਾ ; ਅਨੁਵਾਦਕ ਓਮ ਪ੍ਰਕਾਸ਼ ਵਸਿਸ਼ਟ |
||
| 246 |
_a Mauritius ki hindi kahaniyan / _bedited by Kamal Kishore Goenka ; translated by Om Parkash Vasishta |
||
| 260 |
_aਦਿੱਲੀ _bਸਾਹਿਤ ਪ੍ਰਕਾਸ਼ਨ _c2005 |
||
| 270 | _bਦਿੱਲੀ | ||
| 300 |
_a467p ; _c20cm |
||
| 650 |
_aਪੰਜਾਬੀ --ਸਾਹਿਤ _9122235 |
||
| 650 |
_aਪੰਜਾਬੀ-- ਕਹਾਣੀਆਂ _9122236 |
||
| 650 |
_aliterature--Punjabi _9114104 |
||
| 650 |
_aPunjabi - story _9116063 |
||
| 700 |
_aਗੋਇਨਕਾ , ਕ਼ਮਲ ਕਿਸ਼ੋਰ _9122237 |
||
| 700 |
_aਵਸਿਸ਼ਟ , ਓਮ ਪ੍ਰਕਾਸ਼ _996970 |
||
| 942 |
_2ddc _cPN _hਕ _mਗੋਇਨ |
||
| 999 |
_c109990 _d109990 |
||